000 00557nam a2200193Ia 4500
005 20250326143259.0
008 250326s9999 xx 000 0 und d
020 _a81-297-0599-0
037 _aTextbook
040 _aFMSL
_beng
_cFMSL
041 _aeng
_2eng
084 _aXobW P0
_qFMSL
100 _aPersson T
_9744117
245 0 _aPolitical economics:Explaning economics policy
_cPersson T; Tabellini G
260 _aLondon
_bLondon, Pearson Education
_c2000
300 _axix,533
942 _cTB
_hXobW P0
999 _c1298895
_d1298895